MARC

LEADER 00000nam0a2200000 4500
001 117868
005 20231031123940.0
010 |a 7313042493 
035 |a (RuTPU)RU\TPU\book\127575 
090 |a 117868 
100 |a 20070606d2006 k y0rusy50 ca 
101 0 |a chi 
102 |a CN 
105 |a y z 000zy 
200 1 |a Анализ работы и планирование  |f под ред. Цзоу Шуйлэ, Чжу янь, Дэн Дунмэй, Чжун Мин Лин 
210 |a Шанхай  |c Изд-во ун-та путей сообщения  |d 2006 
215 |a 360 с. 
225 1 |a управление персоналом на предприятии 
300 |a Книга на китайском языке. 
610 1 |a экономика 
610 1 |a предприятия 
610 1 |a анализ 
610 1 |a хозяйственная деятельность 
610 1 |a оценка 
610 1 |a проектирование 
610 1 |a управление 
610 1 |a менеджмент 
610 1 |a персонал 
610 1 |a Китай 
610 1 |a КНР 
686 |a У9(5Кит)21  |v LBC/SL-A  |2 rubbk 
702 0 |a Цзоу Шуйлэ  |4 340 
702 0 |a Чжу янь  |4 340 
702 0 |a Дэн Дунмэй  |4 340 
702 0 |a Чжун Мин Лин  |4 340 
801 1 |a RU  |b 63413507  |c 20070606  |g PSBO 
801 2 |a RU  |b 63413507  |c 20220530  |g PSBO 
942 |c BK